书目信息 |
| 题名: |
历史环境的管治
|
|
| 作者: | 李宏利, 著 | |
| 分册: | ||
| 出版信息: | 北京 中国建筑工业出版社 2011.05 |
|
| 页数: | 173页 | |
| 开本: | 24cm | |
| 丛书名: | 博士论丛 | |
| 单 册: | ||
| 中图分类: | TU984.225 | |
| 科图分类: | ||
| 主题词: | 文物保护--wen wu bao hu--研究--太原市 , 城市规划--cheng shi gui hua--研究--太原市 | |
| 电子资源: | ||
| ISBN: | 978-7-112-12989-8 | |
| 000 | 01266nam 2200289 450 | |
| 001 | 296990 | |
| 005 | 20191103083205.88 | |
| 010 | @a978-7-112-12989-8@dCNY36.00 | |
| 100 | @a20110528d2011 em y0chiy50 ea | |
| 101 | 0 | @achi |
| 102 | @aCN@b110000 | |
| 105 | @aak a 000yy | |
| 200 | 1 | @a历史环境的管治@Ali shi huan jing de guan zhi@e理论创新与模式实证@d= The governance of historic environment@etheoretical innovation and empirical model@f李宏利著@zeng |
| 210 | @a北京@c中国建筑工业出版社@d2011.05 | |
| 215 | @a173页@c图@d24cm | |
| 225 | 2 | @a博士论丛@Abo shi lun cong |
| 320 | @a有书目 (第163-171页) | |
| 330 | @a本书主要内容包括:绪论;城市更新中历史环境的困境;历史环境的公共物品特性;历史环境管治的理论基础;历史环境保护困境之根源;历史环境变化模式之太原实证;国外历史环境管治的演变;历史环境管治理论的框架建构。 | |
| 410 | 0 | @12001 @a博士论丛 |
| 510 | 1 | @aGovernance of historic environment@etheoretical innovation and empirical model@zeng |
| 517 | 1 | @a理论创新与模式实证@Ali lun chuang xin yu mo shi shi zheng |
| 606 | 0 | @a文物保护@Awen wu bao hu@x研究@y太原市 |
| 606 | 0 | @a城市规划@Acheng shi gui hua@x研究@y太原市 |
| 690 | @aTU984.225@v5 | |
| 701 | 0 | @a李宏利,@Ali hong li@f1971-@4著 |
| 801 | 0 | @aCN@c20110610 |
| 905 | @dTU984.225@eL170 | |
| 历史环境的管治:理论创新与模式实证= The governance of historic environment:theoretical innovation and empirical model/李宏利著.-北京:中国建筑工业出版社,2011.05 |
| 173页:图;24cm.-(博士论丛) |
| ISBN 978-7-112-12989-8:CNY36.00 |
| 本书主要内容包括:绪论;城市更新中历史环境的困境;历史环境的公共物品特性;历史环境管治的理论基础;历史环境保护困境之根源;历史环境变化模式之太原实证;国外历史环境管治的演变;历史环境管治理论的框架建构。 |
| ● |
| 相关链接 |
|
|
|
正题名:历史环境的管治
索取号:TU984.225/L170
 
预约/预借
| 序号 | 登录号 | 条形码 | 馆藏地/架位号 | 状态 | 备注 |
| 1 | 1231900 | 212319007 | 建筑库201/201建筑库 95排1列3层/ [索取号:TU984.225/L170] | 在馆 | |
| 2 | 1231901 | 212319016 | 建筑与城市规划学院资料室/201建筑库 67排2列5层/ [索取号:TU984.225/L170] | 在馆 | |
| 3 | 1231902 | 212319025 | 建筑与城市规划学院资料室/201建筑库 67排2列5层/ [索取号:TU984.225/L170] | 在馆 | |
| 4 | 1231903 | 212319034 | 建筑与城市规划学院资料室/201建筑库 67排2列5层/ [索取号:TU984.225/L170] | 在馆 | |
| 5 | 1231904 | 212319043 | 建筑库201/201建筑库 95排1列3层/ [索取号:TU984.225/L170] | 在馆 | |
| 6 | 889846 | 208898460 | 建筑库201/201建筑库 95排1列3层/ [索取号:TU984.225/L170] | 在馆 | |
| 7 | 889847 | 208898479 | 建筑与城市规划学院资料室/201建筑库 67排2列5层/ [索取号:TU984.225/L170] | 在馆 | |
| 8 | 889848 | 208898488 | 建筑与城市规划学院资料室/201建筑库 67排2列5层/ [索取号:TU984.225/L170] | 在馆 | |
| 9 | 889849 | 208898497 | 建筑与城市规划学院资料室/201建筑库 67排2列5层/ [索取号:TU984.225/L170] | 在馆 | |
| 10 | 889850 | 208898503 | 建筑与城市规划学院资料室/101建筑库 89排1列1层/ [索取号:TU984.225/L170] | 在馆 |